[Event "ICS Rated blitz match"]
[Site "204.178.125.65"]
[Date "2000.03.02"]
[Round "?"]
[White "Hossa"]
[Black "gucio"]
[Result "1-0"]
[WhiteElo "2463"]
[BlackElo "2266"]
[PlyCount "114"]

1. e4 c5 2. Nf3 d6 3. d4 cxd4 4. Nxd4 Nf6 5. Nc3 a6 6. Bg5 e6 7. f4 Nbd7 8. Qf3
Qc7 9. O-O-O b5 10. Bxb5 axb5 11. Ndxb5 Qb8 12. e5 Ra5 13. exf6 gxf6 14. Bh6
Bxh6 15. Nxd6+ Ke7 16. Kb1 Rd8 17. Qe4 f5 18. Qd4 Rg8 19. Nxc8+ Qxc8 20. Qb4+
Qc5 21. Rxd7+ Kxd7 22. Qb7+ Qc7 23. Rd1+ Rd5 24. Rxd5+ exd5 25. Qxd5+ Qd6 26.
Qxf7+ Qe7 27. Qxf5+ Qe6 28. Qxh7+ Rg7 29. Qd3+ Qd6 30. Nd5 Kd8 31. g3 Rd7 32.
c4 Bg7 33. Qb3 Bd4 34. g4 Kc8 35. Qa4 Kb8 36. h3 Rb7 37. Qe8+ Ka7 38. b3 Qa3
39. Qe2 Qc5 40. h4 Bg7 41. Qe3 Qxe3 42. Nxe3 Re7 43. Nf5 Re1+ 44. Kc2 Bf8 45.
Kd3 Kb6 46. g5 Kc6 47. h5 Rf1 48. Ke4 Bd6 49. Nxd6 Kxd6 50. Kf5 Ke7 51. h6 Kf7
52. b4 Ra1 53. g6+ Kf8 54. Kf6 Rxa2 55. b5 Rd2 56. h7 Rd6+ 57. Ke5 Rxg6 1-0

[Event "ICS rated blitz match"]
[Site "204.178.125.65"]
[Date "2000.03.02"]
[Round "?"]
[White "jonna"]
[Black "Hossa"]
[Result "0-1"]
[WhiteElo "2098"]
[BlackElo "2491"]
[PlyCount "95"]

1. e4 e5 2. Nf3 Nc6 3. Bb5 a6 4. Ba4 Nf6 5. O-O Be7 6. Re1 b5 7. Bb3 d6 8. c3
O-O 9. h3 Bb7 10. d4 Re8 11. Nbd2 Bf8 12. Bc2 g6 13. Nf1 exd4 14. cxd4 Nb4 15.
Ng3 d5 16. e5 Nxc2 17. Qxc2 Ne4 18. Bf4 Rc8 19. Rac1 c5 20. Qd3 Qa5 21. a3 Qa4
22. Be3 cxd4 23. Bxd4 Nxg3 24. fxg3 b4 25. axb4 Bxb4 26. Bc3 Bc5+ 27. Nd4 Rxe5
28. Rxe5 Bxd4+ 29. Qxd4 Qxd4+ 30. Bxd4 Rxc1+ 31. Kf2 Kf8 32. b4 Rc4 33. Bc5+
Kg7 34. Re7 Bc8 35. g4 h6 36. Re8 Bb7 37. Re7 Bc6 38. Rc7 Bb5 39. Rc8 Kf6 40.
Rc7 Re4 41. Bf8 Re2+ 42. Kg3 h5 43. gxh5 gxh5 44. h4 d4 45. Rc5 d3 46. Rd5 Ke6
47. Rd4 Ke5 48. Rd7 0-1

[Event "ICS rated blitz match"]
[Site "204.178.125.65"]
[Date "2000.03.02"]
[Round "?"]
[White "montxo"]
[Black "Hossa"]
[Result "0-1"]
[WhiteElo "2277"]
[BlackElo "2501"]
[PlyCount "58"]

1. d4 d5 2. Nf3 Nf6 3. c4 c6 4. Nc3 dxc4 5. e3 b5 6. a4 Bd7 7. Ne5 a6 8. Qf3
Ra7 9. Be2 e6 10. O-O Be7 11. Rd1 O-O 12. e4 a5 13. Be3 Ra6 14. Nxd7 Qxd7 15.
d5 b4 16. dxc6 Qxc6 17. Nb5 Nbd7 18. Rac1 Ne5 19. Qg3 Qxe4 20. f4 Nd3 21. Bxd3
cxd3 22. Bd4 Nh5 23. Qg4 Bf6 24. Be5 Bxe5 25. Qxh5 Bxf4 26. Rc7 Bxc7 27. Nxc7
Rc6 28. Nb5 Rc1 29. h3 g6 0-1

[Event "ICS rated blitz match"]
[Site "204.178.125.65"]
[Date "2000.03.02"]
[Round "?"]
[White "Hossa"]
[Black "montxo"]
[Result "0-1"]
[WhiteElo "2508"]
[BlackElo "2270"]
[PlyCount "84"]

1. e4 Nf6 2. e5 Nd5 3. d4 d6 4. c4 Nb6 5. exd6 cxd6 6. Nf3 g6 7. h3 Bg7 8. Be2
O-O 9. O-O Nc6 10. Nc3 e5 11. d5 Ne7 12. Be3 Nf5 13. Qd2 Nxe3 14. fxe3 f5 15.
Rf2 Nd7 16. Raf1 Nf6 17. Ng5 Nh5 18. Ne6 Bxe6 19. dxe6 Ng3 20. Rd1 Bh6 21. Nd5
Re8 22. e7 Rxe7 23. Nxe7+ Qxe7 24. Qd5+ Kh8 25. Rd3 Rc8 26. Rb3 Rc5 27. Rxb7
Rxd5 28. Rxe7 Rd2 29. Rf3 Nxe2+ 30. Kf1 Nc1 31. Rxa7 Nd3 32. b3 e4 33. Rg3 f4
34. Ra8+ Kg7 35. Ra7+ Kf6 36. Rd7 fxg3 37. Rxd6+ Ke7 38. Rd7+ Kxd7 39. c5 Bxe3
40. c6+ Kxc6 41. a4 Rd1+ 42. Ke2 Re1# 0-1

[Event "ICS rated blitz match"]
[Site "204.178.125.65"]
[Date "2000.03.02"]
[Round "?"]
[White "montxo"]
[Black "Hossa"]
[Result "0-1"]
[WhiteElo "2296"]
[BlackElo "2482"]
[PlyCount "76"]

1. e4 c5 2. Nf3 d6 3. Bb5+ Nd7 4. O-O Ngf6 5. Re1 a6 6. Bxd7+ Nxd7 7. d4 cxd4
8. Qxd4 e5 9. Qd3 Nc5 10. Qd2 Bg4 11. Qe3 Be7 12. Nc3 f5 13. h3 Bh5 14. exf5
O-O 15. g4 Bf7 16. b4 Nd7 17. Bb2 Nb6 18. Nd2 a5 19. a3 Qc7 20. Rac1 axb4 21.
axb4 Na4 22. Nxa4 Rxa4 23. c3 Ra2 24. Rb1 Qc6 25. Bc1 Rc2 26. Ne4 d5 27. Nc5
Bh4 28. Re2 Bg5 29. Rxc2 Bxe3 30. Bxe3 Ra8 31. Re1 b6 32. Nd3 Re8 33. Bd4 exd4
34. Rxe8+ Bxe8 35. Re2 dxc3 36. b5 Qa8 37. Nb4 Bxb5 38. Rc2 Qa4 0-1

[Event "ICS rated blitz match"]
[Site "204.178.125.65"]
[Date "2000.03.02"]
[Round "?"]
[White "Hossa"]
[Black "montxo"]
[Result "1-0"]
[WhiteElo "2490"]
[BlackElo "2288"]
[PlyCount "57"]

1. e4 Nc6 2. d4 e5 3. d5 Nce7 4. c4 Ng6 5. Nf3 Nf6 6. Bd3 Be7 7. O-O O-O 8. Be3
d6 9. Qb3 Nh5 10. Nc3 Nhf4 11. Bc2 b6 12. Qa4 Bg4 13. Nd2 Bg5 14. Bd1 Qc8 15.
Nf3 f6 16. Nxg5 fxg5 17. Rc1 Bh3 18. f3 Bxg2 19. Rf2 Qh3 20. Rcc2 Nh4 21. Bxf4
Rxf4 22. Rxg2 Raf8 23. Rgf2 Nxf3+ 24. Bxf3 Rxf3 25. Nd1 Qg4+ 26. Kf1 Rxf2+ 27.
Rxf2 Qh3+ 28. Ke2 Rf4 29. Qe8+ 1-0

[Event "ICS rated blitz match"]
[Site "204.178.125.65"]
[Date "2000.03.02"]
[Round "?"]
[White "Hossa"]
[Black "montxo"]
[Result "1-0"]
[WhiteElo "2505"]
[BlackElo "2273"]
[PlyCount "47"]

1. e4 e5 2. Nf3 Nc6 3. Bb5 Nge7 4. O-O g6 5. c3 Bg7 6. d4 O-O 7. d5 Nb8 8. d6
cxd6 9. Qxd6 a6 10. Bg5 Re8 11. Bd3 b5 12. Nxe5 f6 13. Bxf6 Bxf6 14. Qxf6 Rf8
15. Qd6 Nbc6 16. Ng4 Kg7 17. Rd1 h5 18. Ne5 Qe8 19. Nxc6 Nxc6 20. Nd2 Ne5 21.
Qd4 Kg8 22. Qd5+ Qf7 23. Qxe5 Qxf2+ 24. Kh1 1-0

[Event "ICS rated blitz match"]
[Site "204.178.125.65"]
[Date "2000.03.02"]
[Round "?"]
[White "Hossa"]
[Black "PostModernist"]
[Result "0-1"]
[WhiteElo "2512"]
[BlackElo "2550"]
[PlyCount "67"]

1. d4 d5 2. c4 e6 3. Nc3 Be7 4. Nf3 Nf6 5. Bf4 c5 6. cxd5 Nxd5 7. Bxb8 Nxc3 8.
bxc3 Rxb8 9. Qa4+ Bd7 10. Qxa7 Qc7 11. Ne5 Rd8 12. Nxd7 Rxd7 13. dxc5 O-O 14.
e3 Bxc5 15. Qa4 Bd6 16. Rc1 Be5 17. c4 Rfd8 18. Be2 Bxh2 19. c5 Be5 20. Rc2 Rd5
21. Qh4 Qa5+ 22. Kf1 h6 23. Rh3 Rd2 24. Qe4 Rxc2 25. Qxc2 Rd2 26. Qb1 Rxa2 27.
Qd3 Qxc5 28. Qd8+ Kh7 29. Qd3+ f5 30. f4 Ra1+ 31. Kf2 Bxf4 32. Qd7 Qc1 33. exf4
Qe1+ 34. Ke3 0-1

[Event "ICS rated blitz match"]
[Site "204.178.125.65"]
[Date "2000.03.02"]
[Round "?"]
[White "PostModernist"]
[Black "Hossa"]
[Result "1-0"]
[WhiteElo "2564"]
[BlackElo "2498"]
[PlyCount "203"]

1. d4 d5 2. Nf3 Nf6 3. e3 e6 4. Bd3 c5 5. c3 Bd6 6. Nbd2 O-O 7. O-O Nc6 8. dxc5
Bxc5 9. e4 Bd7 10. exd5 exd5 11. Nb3 Be7 12. Nbd4 Nxd4 13. Nxd4 Qc7 14. g3 Rae8
15. Re1 Bc5 16. Be3 Bh3 17. Bb5 Re7 18. Qd3 Ne4 19. Bf4 Qb6 20. Rab1 a6 21. Ba4
Bd6 22. Qf3 Be5 23. Bxe5 Rxe5 24. Qf4 Re6 25. Bc2 Rf6 26. Qh4 Rh6 27. Qe7 Re6
28. Qa3 Ree8 29. Qb3 Qxb3 30. Bxb3 Nd2 31. Rbd1 Nc4 32. Bxc4 dxc4 33. b3 cxb3
34. axb3 Rc8 35. Rd3 h5 36. Rde3 Rfd8 37. f4 g6 38. b4 Kg7 39. Kf2 Rc7 40. Rd1
Rdc8 41. Rdd3 b6 42. Kg1 Rc4 43. Rf3 f6 44. Rfe3 Kf7 45. Kf2 R8c7 46. Ke2 Ra7
47. Kd1 Bg4+ 48. Kc1 Rac7 49. Kb2 Rd7 50. Kb3 b5 51. Re1 Rc8 52. Rde3 Rc4 53.
Ra1 Rd6 54. Kb2 Bh3 55. Rae1 Rd7 56. Re4 Rdc7 57. Rc1 Bg4 58. Re3 Kg7 59. h4
Kf8 60. Ra1 Bc8 61. Nb3 Rd7 62. Nc5 Rd6 63. Rae1 Rd8 64. Ne6+ Bxe6 65. Rxe6 Kg7
66. Rxa6 Rd2+ 67. Kb1 Rc7 68. Re3 Rcd7 69. Ra2 Kf7 70. Rxd2 Rxd2 71. Kc1 Ra2
72. Kd1 Rg2 73. Ke1 Rc2 74. Rd3 Ke6 75. Kf1 Kf5 76. Re3 Kg4 77. Ke1 Rg2 78. Kd1
f5 79. Kc1 Ra2 80. Rd3 Rf2 81. Kb1 Rg2 82. Re3 Rh2 83. Kc1 Rf2 84. Rd3 Rf1+ 85.
Kc2 Rf3 86. Rxf3 Kxf3 87. c4 bxc4 88. b5 Kxg3 89. b6 Kxh4 90. b7 Kg4 91. b8=Q
h4 92. Kd2 Kf3 93. Qh8 c3+ 94. Kxc3 Kg3 95. Kd4 h3 96. Ke3 h2 97. Qh6 h1=R 98.
Qxh1 g5 99. Qf3+ Kh4 100. Qg2 gxf4+ 101. Kxf4 Kh5 102. Qg5# 1-0

[Event "ICS rated blitz match"]
[Site "204.178.125.65"]
[Date "2000.03.02"]
[Round "?"]
[White "LittleGoliath"]
[Black "Hossa"]
[Result "1-0"]
[WhiteElo "2636"]
[BlackElo "2485"]
[PlyCount "127"]

1. d4 d5 2. Nf3 Nf6 3. Bg5 e6 4. e3 Be7 5. Nbd2 c5 6. c3 Qb6 7. Qb3 Qxb3 8.
axb3 O-O 9. dxc5 Bxc5 10. b4 Be7 11. Bf4 Bd7 12. Bd3 Nh5 13. Bxb8 Rfxb8 14. g4
Nf6 15. g5 Ne8 16. Ne5 Bc8 17. h4 Bd6 18. f4 Nc7 19. h5 a5 20. bxa5 Bxe5 21.
fxe5 b6 22. b4 bxa5 23. Rxa5 Rxa5 24. bxa5 Ra8 25. Nb3 Rb8 26. Bc2 Nb5 27. h6
Na3 28. Kd1 Nc4 29. e4 dxe4 30. Rh4 Nxe5 31. Rxe4 Nf3 32. Rg4 Rb5 33. Rc4 Bb7
34. Rc5 Rxc5 35. Nxc5 Bd5 36. Be4 Bxe4 37. Nxe4 Ne5 38. Ke2 Nc6 39. a6 gxh6 40.
gxh6 f5 41. Nd6 Na7 42. c4 Nc6 43. Nc8 Kf7 44. a7 Nxa7 45. Nxa7 e5 46. Nc6 Ke6
47. Nb4 Ke7 48. Nd5+ Ke6 49. Ke3 Kf7 50. c5 Ke6 51. c6 Kd6 52. c7 Kd7 53. Nf6+
Kxc7 54. Nxh7 Kc8 55. Ng5 Kd7 56. h7 Kd6 57. h8=Q Kd5 58. Qf6 f4+ 59. Kd3 Kc5
60. Qa6 f3 61. Ne4+ Kb4 62. Qb7+ Ka4 63. Kc4 Ka3 64. Qb3# 1-0

[Event "ICS rated blitz match"]
[Site "204.178.125.65"]
[Date "2000.03.03"]
[Round "?"]
[White "poodledough"]
[Black "Hossa"]
[Result "1-0"]
[WhiteElo "2805"]
[BlackElo "2481"]
[PlyCount "101"]

1. e4 d6 2. d4 Nf6 3. Nc3 g6 4. Bg5 c6 5. Qd2 b5 6. Bd3 h6 7. Bxf6 exf6 8. d5
b4 9. Nce2 a5 10. a3 bxa3 11. Rxa3 h5 12. dxc6 Nxc6 13. Bb5 Bd7 14. Nf3 h4 15.
h3 Rh5 16. Ba4 Bh6 17. Qd1 Rb8 18. Rb3 Rxb3 19. Bxb3 Qe7 20. O-O Kf8 21. Nc3
Bg7 22. Nd5 Qxe4 23. Re1 Rxd5 24. Bxd5 Qb4 25. Re4 Qb8 26. Rxh4 Ne7 27. b3 Bf5
28. Rd4 Qc7 29. Be4 Bxe4 30. Rxe4 d5 31. Re2 f5 32. Qd3 f4 33. Qa6 Bc3 34. Ng5
Qd7 35. Qb6 f6 36. Qb8+ Nc8 37. Qxf4 Nd6 38. Ne6+ Kf7 39. Qh6 Ne4 40. Nf4 Bb4
41. Qh7+ Ke8 42. Qg8+ Ke7 43. Nxd5+ Kd6 44. Rxe4 Bc5 45. c4 Bxf2+ 46. Kxf2 Qf5+
47. Kg1 Qe5 48. Qd8+ Ke6 49. Qxf6+ Kd7 50. Qxe5 g5 51. Qc7# 1-0

[Event "ICS rated blitz match"]
[Site "204.178.125.65"]
[Date "2000.03.03"]
[Round "?"]
[White "Hossa"]
[Black "Bonin"]
[Result "1-0"]
[WhiteElo "2477"]
[BlackElo "2418"]
[PlyCount "43"]

1. e4 c5 2. Nf3 e6 3. d4 cxd4 4. Nxd4 a6 5. Nc3 Qc7 6. Be2 Nf6 7. O-O Nc6 8.
Nxc6 bxc6 9. Bd2 h5 10. Qc1 Ng4 11. Bf4 Bd6 12. Bxd6 Qxd6 13. g3 c5 14. h3 Nf6
15. Qg5 e5 16. Rad1 Qe6 17. Nd5 Nxd5 18. Rxd5 d6 19. Rfd1 O-O 20. Rxd6 Qxh3 21.
Qe7 Bg4 22. Bf1 1-0

[Event "ICS rated bullet match"]
[Site "204.178.125.65"]
[Date "2000.03.03"]
[Round "?"]
[White "Hossa"]
[Black "Feisty"]
[Result "0-1"]
[WhiteElo "2349"]
[BlackElo "2156"]
[PlyCount "120"]

1. e4 e5 2. Nf3 Nc6 3. Bb5 a6 4. Ba4 Nf6 5. O-O Be7 6. Re1 b5 7. Bb3 d6 8. c3
Bg4 9. d3 h6 10. Be3 O-O 11. Nbd2 Qd7 12. d4 Rfb8 13. Rc1 a5 14. Bc2 Bh5 15.
Bd3 a4 16. d5 Na5 17. Qc2 Nc4 18. Nxc4 bxc4 19. Bxc4 Bxf3 20. gxf3 Qh3 21. Be2
Nh5 22. Rb1 Bg5 23. Bf1 Qxf3 24. Qe2 Qxe2 25. Bxe2 Bxe3 26. Bxh5 Bc5 27. Kg2 g6
28. Bg4 Kg7 29. Bd7 Ra6 30. Rf1 Rab6 31. Bxa4 Rxb2 32. Bb3 Rd2 33. Rbd1 Re2 34.
Rde1 Rxe1 35. Rxe1 f5 36. exf5 gxf5 37. Rb1 Kf6 38. Bc2 Rg8+ 39. Kf1 Rg4 40.
Rb8 e4 41. Rf8+ Ke5 42. Bb3 Rf4 43. Re8+ Kf6 44. Re6+ Kg7 45. Kg1 Rxf2 46. Kh1
e3 47. Bc4 f4 48. h4 f3 49. Re7+ Kg6 50. Bb5 e2 51. Be8+ Kf5 52. Bh5 Kf4 53.
Be8 e1=R+ 54. Rxe1 Re2 55. Rf1 Rxe8 56. a3 Kg3 57. Rxf3+ Kxf3 58. Kh2 Re4 59.
Kh3 Bf2 60. c4 Rxh4# 0-1

[Event "ICS rated bullet match"]
[Site "204.178.125.65"]
[Date "2000.03.03"]
[Round "?"]
[White "Feisty"]
[Black "Hossa"]
[Result "1-0"]
[WhiteElo "2193"]
[BlackElo "2332"]
[PlyCount "149"]

1. e4 e5 2. Nf3 Nc6 3. Bb5 a6 4. Ba4 Nf6 5. O-O Be7 6. Re1 b5 7. Bb3 O-O 8. c3
d5 9. exd5 Nxd5 10. Nxe5 Nxe5 11. Rxe5 c6 12. d4 Bd6 13. Re1 Qh4 14. g3 Qh3 15.
Be3 Bg4 16. Qd3 Rae8 17. Nd2 Re6 18. a4 f5 19. Qf1 Qh5 20. f4 bxa4 21. Rxa4
Rfe8 22. Rxa6 Kh8 23. Bxd5 cxd5 24. Qb5 Rh6 25. h3 Bxh3 26. Bf2 Rf8 27. Qxd5
Bxf4 28. Ra8 Bb8 29. b4 Bg4 30. Qg2 f4 31. gxf4 Bh3 32. Qh2 Qg4+ 33. Bg3 Kg8
34. Ne4 Bxf4 35. Rxf8+ Kxf8 36. Qf2 g5 37. Nxg5 Qxg3+ 38. Qxg3 Bxg3 39. Re3 Bf5
40. Rxg3 Rf6 41. c4 h6 42. Nf3 Ra6 43. Ne5 Ke7 44. Kf2 Ra2+ 45. Ke3 h5 46. Rg5
Bb1 47. Rxh5 Ra3+ 48. Kd2 Ra2+ 49. Kc3 Rc2+ 50. Kb3 Re2 51. b5 Be4 52. b6 Re1
53. Kb4 Ra1 54. Rh4 Bf5 55. c5 Re1 56. c6 Kd6 57. Rh8 Rb1+ 58. Ka5 Kd5 59. Rd8+
Ke4 60. c7 Rc1 61. b7 Ra1+ 62. Kb6 Rb1+ 63. Kc6 Rc1+ 64. Kd6 Rd1 65. b8=Q Rxd4+
66. Kc5 Ra4 67. Qb1+ Kf4 68. Qf1+ Kg5 69. Rg8+ Kf6 70. Rf8+ Kg7 71. Rf7+ Kh6
72. Qc1+ Kh5 73. Rxf5+ Kh4 74. Qh1+ Kg3 75. Rf3# 1-0

[Event "ICS rated blitz match"]
[Site "204.178.125.65"]
[Date "2000.03.03"]
[Round "?"]
[White "Hossa"]
[Black "Prinzflorizel"]
[Result "1-0"]
[WhiteElo "2490"]
[BlackElo "2461"]
[PlyCount "87"]

1. e4 e6 2. d4 d5 3. Nc3 Nf6 4. e5 Nfd7 5. f4 c5 6. Nf3 Nc6 7. Be3 cxd4 8. Nxd4
Bc5 9. Qd2 O-O 10. O-O-O a6 11. h4 Nxd4 12. Bxd4 b5 13. Rh3 b4 14. Na4 Bxd4 15.
Qxd4 a5 16. Bb5 Rb8 17. Bxd7 Bxd7 18. Nc5 Qc7 19. Na6 Qc6 20. Nxb8 Rxb8 21. h5
Rc8 22. Qf2 a4 23. h6 g6 24. g4 Qc4 25. Kb1 Bb5 26. a3 Qe2 27. Qxe2 Bxe2 28.
Rg1 b3 29. cxb3 d4 30. bxa4 d3 31. Rh2 Rc4 32. b4 Rxf4 33. Rc1 Kf8 34. Rc8+ Ke7
35. Kc1 Re4 36. Rc7+ Kd8 37. Rxf7 Rc4+ 38. Kd2 Rc2+ 39. Ke3 d2 40. Kxe2 d1=Q+
41. Kxd1 Rxh2 42. Rxh7 g5 43. a5 Kc8 44. b5 1-0

[Event "ICS rated blitz match"]
[Site "204.178.125.65"]
[Date "2000.03.03"]
[Round "?"]
[White "Hossa"]
[Black "Prinzflorizel"]
[Result "0-1"]
[WhiteElo "2518"]
[BlackElo "2433"]
[PlyCount "162"]

1. e4 e6 2. d4 d5 3. Nc3 Nf6 4. Bg5 Bb4 5. e5 h6 6. Bd2 Bxc3 7. bxc3 Ne4 8. Nf3
c5 9. Bd3 Nxd2 10. Qxd2 Qa5 11. O-O Nc6 12. dxc5 Qxc5 13. Rfd1 Bd7 14. c4 dxc4
15. Bxc4 O-O-O 16. Qe2 Kc7 17. Rab1 Bc8 18. Bb5 Rxd1+ 19. Rxd1 Rd8 20. Rxd8
Nxd8 21. Ba4 a6 22. c4 b6 23. Qd3 Nc6 24. Qe4 Bb7 25. Bxc6 Qxc6 26. Qf4 Qd7 27.
Nd4 g5 28. Qe3 Qe7 29. Nb3 Qb4 30. c5 Bd5 31. cxb6+ Qxb6 32. Qc3+ Kb8 33. Qc5
Qxc5 34. Nxc5 Ka7 35. a3 Kb6 36. Nd3 Kb5 37. Nb2 Kc5 38. Nd1 Kd4 39. Ne3 Kxe5
40. Ng4+ Kd4 41. Nxh6 f5 42. h3 e5 43. Nxf5+ Kc3 44. Ne7 Bb7 45. Ng6 e4 46. Nf8
Kb3 47. Ne6 Kxa3 48. Nc5 Bc8 49. g4 Kb4 50. Nxe4 a5 51. Nxg5 a4 52. Nf3 a3 53.
Nd4 a2 54. Kh2 Kc3 55. Nb5+ Kb2 56. Nd6 Ba6 57. f3 a1=Q 58. Kg3 Qe1+ 59. Kf4
Qd2+ 60. Ke5 Qe3+ 61. Ne4 Qxf3 62. g5 Bb7 63. Nf6 Qxh3 64. Kf4 Qf3+ 65. Ke5 Bc8
66. Ne4 Qf5+ 67. Kd4 Bb7 68. Nf2 Qxf2+ 69. Ke5 Bc8 70. Kd6 Qf5 71. Kc7 Qd7+ 72.
Kb6 Kc3 73. Kc5 Ba6 74. Kb6 Bc4 75. g6 Qd6+ 76. Kb7 Kb4 77. g7 Qe7+ 78. Kc6 Bg8
79. Kb6 Qd7 80. Ka6 Kc5 81. Ka5 Qa7# 0-1

[Event "ICS Rated blitz match"]
[Site "204.178.125.65"]
[Date "2000.03.03"]
[Round "?"]
[White "Hossa"]
[Black "Tulaka"]
[Result "1-0"]
[WhiteElo "2498"]
[BlackElo "2055"]
[PlyCount "39"]

1. d4 e6 2. c4 f5 3. Nc3 Nf6 4. Bg5 Be7 5. e3 O-O 6. Nf3 d6 7. Bd3 Qe8 8. O-O
Qh5 9. Qb3 Kh8 10. Nb5 Na6 11. Rfd1 Bd7 12. Bf4 Ne4 13. Nc3 Nxc3 14. Qxc3 b6
15. c5 Nb8 16. cxb6 cxb6 17. Qa3 Bc6 18. Bxd6 Bxd6 19. Qxd6 Bxf3 20. Qxf8# 1-0

[Event "ICS rated blitz match"]
[Site "204.178.125.65"]
[Date "2000.03.03"]
[Round "?"]
[White "Tulaka"]
[Black "Hossa"]
[Result "0-1"]
[WhiteElo "2053"]
[BlackElo "2500"]
[PlyCount "52"]

1. d4 Nf6 2. e3 g6 3. Bd3 Bg7 4. f4 O-O 5. c3 d5 6. Nf3 Re8 7. O-O Bg4 8. Nbd2
a6 9. h3 Bd7 10. Ne5 Bb5 11. c4 dxc4 12. Ndxc4 Nbd7 13. Qf3 Rb8 14. b3 c5 15.
Bb2 cxd4 16. exd4 Qc7 17. Rac1 Rbc8 18. a4 Bc6 19. Nxc6 Qxc6 20. Qe2 Nh5 21.
Ne5 Qd6 22. Qe4 Rxc1 23. Rxc1 Nxf4 24. Qxf4 Bxe5 25. dxe5 Qxd3 26. Rf1 Qxb3 0-1

[Event "ICS rated blitz match"]
[Site "204.178.125.65"]
[Date "2000.03.03"]
[Round "?"]
[White "Hossa"]
[Black "Tulaka"]
[Result "1-0"]
[WhiteElo "2502"]
[BlackElo "2051"]
[PlyCount "61"]

1. e4 e6 2. d4 d5 3. Nc3 Nf6 4. e5 Nfd7 5. f4 c5 6. Nf3 Be7 7. dxc5 Nxc5 8. Be3
O-O 9. Be2 b6 10. O-O Nc6 11. f5 Re8 12. Bb5 Bb7 13. fxe6 fxe6 14. Nd4 Qc8 15.
Qh5 g6 16. Qh6 Bf8 17. Qf4 Re7 18. Bxc6 Bxc6 19. Qxf8+ Qxf8 20. Rxf8+ Rxf8 21.
Nxc6 Rc7 22. Nd4 a6 23. Rf1 Rxf1+ 24. Kxf1 Kf7 25. Nf3 Nd7 26. Ng5+ Ke7 27.
Nxh7 Nxe5 28. Bxb6 Rb7 29. Bc5+ Kd7 30. b4 Nc6 31. Nf8+ 1-0

[Event "ICS rated blitz match"]
[Site "204.178.125.65"]
[Date "2000.03.03"]
[Round "?"]
[White "agenbite"]
[Black "Hossa"]
[Result "0-1"]
[WhiteElo "2073"]
[BlackElo "2504"]
[PlyCount "74"]

1. e4 c5 2. Nf3 d6 3. c3 Nf6 4. e5 dxe5 5. Nxe5 e6 6. d4 cxd4 7. cxd4 Bb4+ 8.
Nc3 O-O 9. Bc4 Ne4 10. Bd2 Qxd4 11. Nxe4 Qxe4+ 12. Qe2 Bxd2+ 13. Kxd2 Rd8+ 14.
Kc3 Qh4 15. Rad1 Rxd1 16. Rxd1 Nc6 17. Nxc6 bxc6 18. Qe4 Qe7 19. Qxc6 Bb7 20.
Qd6 Qf6+ 21. Qd4 Qg5 22. g3 Qa5+ 23. b4 Qa3+ 24. Bb3 Rc8+ 25. Kd2 Bf3 26. Re1
a6 27. Ke3 Bd5 28. Rd1 h6 29. Rd3 Qc1+ 30. Rd2 Qe1+ 31. Kf4 e5+ 32. Qxe5 Qxd2+
33. Qe3 Qxb4+ 34. Kf5 Bxb3 35. axb3 g6+ 36. Kf6 Qd6+ 37. Qe6 Qxe6# 0-1

[Event "ICS rated blitz match"]
[Site "204.178.125.65"]
[Date "2000.03.03"]
[Round "?"]
[White "Hossa"]
[Black "poodledough"]
[Result "0-1"]
[WhiteElo "2506"]
[BlackElo "2824"]
[PlyCount "106"]

1. e4 c5 2. c3 d5 3. exd5 Qxd5 4. d4 Nf6 5. Nf3 e6 6. Bd3 Be7 7. c4 Qd7 8. dxc5
Bxc5 9. O-O Nc6 10. Be3 Bxe3 11. fxe3 O-O 12. Nc3 Rd8 13. Ne1 Ne5 14. Qe2 Qc7
15. Rd1 Bd7 16. Nf3 Bc6 17. Nxe5 Qxe5 18. Bc2 h6 19. Bb3 Qg5 20. Rd4 e5 21.
Rxd8+ Rxd8 22. Re1 Rd7 23. Rf1 Rd3 24. Nd1 Rd8 25. Nc3 b6 26. Rd1 Rc8 27. e4
Bd7 28. Qd3 Be6 29. h3 Nh5 30. Nd5 Nf4 31. Nxf4 exf4 32. Kh1 Qc5 33. Qf3 Qe5
34. Qe2 Bf5 35. Re1 Bg6 36. Qg4 Re8 37. Rf1 Qxe4 38. Qd7 Bf5 39. Qd2 Qe3 40.
Qd5 Be4 41. Qd7 Re6 42. Qd8+ Kh7 43. Qh4 Rg6 44. Rg1 f3 45. Qxe4 Qxe4 46. g4
f2+ 47. Kh2 Qe5+ 48. Kg2 fxg1=Q+ 49. Kxg1 Qg3+ 50. Kh1 Qxh3+ 51. Kg1 Rxg4+ 52.
Kf2 Rg2+ 53. Kf1 Qh1# 0-1

[Event "ICS rated blitz match"]
[Site "204.178.125.65"]
[Date "2000.03.03"]
[Round "?"]
[White "blackbear2"]
[Black "Hossa"]
[Result "0-1"]
[WhiteElo "2251"]
[BlackElo "2502"]
[PlyCount "62"]

1. c4 e5 2. Nc3 Nf6 3. g3 d5 4. cxd5 Nxd5 5. Bg2 Nb6 6. Nf3 Nc6 7. O-O Be7 8.
d3 h5 9. h4 Bg4 10. b3 Bb4 11. Bb2 Bxc3 12. Bxc3 Nd5 13. Bb2 f6 14. Rc1 g6 15.
d4 e4 16. Nh2 f5 17. Nxg4 hxg4 18. Qd2 a5 19. Rc5 a4 20. Rfc1 a3 21. Ba1 Rh5
22. Rxc6 bxc6 23. Rxc6 Kf7 24. f3 gxf3 25. exf3 e3 26. Qe2 Qd7 27. Qc4 e2 28.
Kf2 Re8 29. Bc3 f4 30. Rc5 Kf8 31. Qxd5 Rxd5 0-1

[Event "ICS rated blitz match"]
[Site "204.178.125.65"]
[Date "2000.03.03"]
[Round "?"]
[White "Hossa"]
[Black "janderson"]
[Result "0-1"]
[WhiteElo "2508"]
[BlackElo "2204"]
[PlyCount "116"]

1. e4 e5 2. Nf3 Nf6 3. Nxe5 d6 4. Nf3 Nxe4 5. d4 d5 6. Bd3 Be7 7. O-O Nc6 8. c4
Nb4 9. Be2 O-O 10. a3 Nc6 11. cxd5 Qxd5 12. Nc3 Nxc3 13. bxc3 Bf5 14. Re1 Rfe8
15. c4 Qd6 16. Be3 Bf6 17. Qb3 Nxd4 18. Bxd4 Bxd4 19. Nxd4 Qxd4 20. Qxb7 Qb6
21. Qxb6 axb6 22. Bf3 Rxe1+ 23. Rxe1 Rd8 24. Re7 Bd7 25. h4 h6 26. Re5 Be6 27.
Bd5 Bxd5 28. Rxd5 Rxd5 29. cxd5 Kf8 30. d6 cxd6 31. f4 Ke7 32. Kf2 Ke6 33. Ke3
Kd5 34. Kd3 Kc5 35. g4 d5 36. Kc3 d4+ 37. Kc2 Kc4 38. h5 b5 39. Kd2 d3 40. Kc1
Kc3 41. g5 f6 42. gxh6 gxh6 43. Kd1 d2 44. Ke2 Kc2 45. Ke3 d1=Q 46. Kf2 Qg4 47.
Ke3 f5 48. Kd4 Qxf4+ 49. Kc5 Qc4+ 50. Kb6 Kd3 51. Kb7 f4 52. Ka7 f3 53. Kb6 f2
54. Kb7 f1=Q 55. Kb6 Qf6+ 56. Kb7 Qcc6+ 57. Ka7 Qd8 58. a4 Qcb6# 0-1

[Event "ICS rated blitz match"]
[Site "204.178.125.65"]
[Date "2000.03.03"]
[Round "?"]
[White "janderson"]
[Black "Hossa"]
[Result "0-1"]
[WhiteElo "2231"]
[BlackElo "2481"]
[PlyCount "56"]

1. e4 e5 2. Nf3 Nc6 3. d4 exd4 4. Nxd4 Bc5 5. Nxc6 Qf6 6. Qd2 dxc6 7. c3 Be6 8.
Qf4 Qg6 9. Be3 Bxe3 10. Qxe3 O-O-O 11. Nd2 Kb8 12. O-O-O f5 13. exf5 Bxf5 14.
Qg3 Qf6 15. Bc4 Ne7 16. Rhe1 Rhe8 17. Nf3 Rxd1+ 18. Rxd1 Nc8 19. Nd4 Bg6 20. f3
c5 21. Nb5 Qe7 22. Qf4 Rf8 23. Qd2 Qe5 24. h3 Qg3 25. Be6 Re8 26. Bg4 a6 27.
Na3 Nd6 28. Nc2 Nc4 0-1

[Event "ICS rated blitz match"]
[Site "204.178.125.65"]
[Date "2000.03.03"]
[Round "?"]
[White "Hossa"]
[Black "PostModernist"]
[Result "0-1"]
[WhiteElo "2487"]
[BlackElo "2560"]
[PlyCount "112"]

1. e4 c6 2. d4 d5 3. Nc3 dxe4 4. Nxe4 Nd7 5. Bc4 Ngf6 6. Ng5 e6 7. Qe2 Nb6 8.
Bb3 h6 9. N5f3 a5 10. c3 c5 11. Be3 a4 12. Bc2 a3 13. bxa3 Nfd5 14. Bd2 Rxa3
15. Bb3 c4 16. Bxc4 Nxc3 17. Bxc3 Rxc3 18. Bb5+ Bd7 19. Bxd7+ Qxd7 20. Rb1 Qc6
21. Kf1 Rc2 22. Qb5 Rc1+ 23. Ne1 Rxb1 24. Qxb1 Bd6 25. Nd3 Nd5 26. Ne2 O-O 27.
Qb2 Ra8 28. Qb1 Ra3 29. Ndc1 Nf4 30. Nxf4 Bxf4 31. Ne2 Qc4 32. Qe4 Rxa2 33. g3
Bc7 34. f3 f5 35. Qe3 Bb6 36. f4 Ra1+ 37. Kg2 Qc6+ 38. Kh3 Rxh1 39. Nc3 Ba5 40.
d5 exd5 41. Qf3 d4 42. Nd5 Re1 43. Qb3 Kh7 44. Qa2 Qg6 45. Kg2 Qa6 46. Kh3 Qf1+
47. Qg2 Qxg2+ 48. Kxg2 d3 49. Kf3 d2 50. Ne3 Rxe3+ 51. Kxe3 d1=Q 52. Kf2 Bb6+
53. Kg2 Qe2+ 54. Kh3 Qf1+ 55. Kh4 Bd8+ 56. Kh5 g6# 0-1

[Event "ICS rated blitz match"]
[Site "204.178.125.65"]
[Date "2000.03.03"]
[Round "?"]
[White "poodledough"]
[Black "Hossa"]
[Result "1-0"]
[WhiteElo "2810"]
[BlackElo "2474"]
[PlyCount "141"]

1. e4 c5 2. Nf3 e6 3. d4 cxd4 4. Nxd4 Nf6 5. Nc3 d6 6. Be2 Be7 7. O-O O-O 8. f4
a6 9. Be3 Nc6 10. a4 Qc7 11. Kh1 d5 12. exd5 Nxd5 13. Nxd5 exd5 14. c3 Re8 15.
Bf3 Bh4 16. Qd3 Qd8 17. Rad1 Ne7 18. b3 Bf6 19. Rfe1 b6 20. c4 Bb7 21. Nc2 Qc7
22. cxd5 Nxd5 23. Bxd5 Bxd5 24. Qxd5 Qxc2 25. Bxb6 Rxe1+ 26. Rxe1 Rf8 27. Bg1
Qc3 28. Qe4 a5 29. Bf2 Bd8 30. Bd4 Qb4 31. Qe3 Bh4 32. Re2 Qd6 33. Kg1 Rd8 34.
Qe8+ Qf8 35. Qxf8+ Kxf8 36. Bc5+ Kg8 37. g3 Bf6 38. Bb6 Rd1+ 39. Kg2 g6 40.
Bxa5 Rb1 41. Re3 Rb2+ 42. Kh3 Kg7 43. Bb6 h5 44. a5 Kh7 45. a6 Ra2 46. a7 Bd8
47. Bc5 f6 48. Re8 g5 49. fxg5 Bc7 50. gxf6 Kg6 51. f7 Kxf7 52. Re7+ Kf6 53.
Rxc7 Ke5 54. Bb6 Kf6 55. Rc5 Ra6 56. Rxh5 Kg7 57. Ra5 Rxa7 58. Rxa7+ Kf6 59.
Bd8+ Ke5 60. b4 Kd5 61. b5 Kd6 62. b6 Ke5 63. b7 Kd5 64. b8=Q Kc5 65. Qe5+ Kc4
66. Rc7+ Kd3 67. Rd7+ Kc4 68. Qc7+ Kb3 69. Rd6 Ka4 70. Rb6 Ka3 71. Qa7# 1-0